History Quiz

Random History or Grab Bag Quiz

Gimme Five: History & Government Quiz Stats

 Plays Quiz Updated Dec 1, 2017

Challenge
Share
Tweet
Embed
Score 0/45 Timer 05:00
2 Plays Today
Question Answer % Correct
Gimme the first five U.S. Presidents.George Washington
99%
Gimme the first five schools to join the Ivy League.Harvard
96%
Gimme the last five U.S. states to gain statehood.Hawaii
95.5%
Gimme the last five U.S. states to gain statehood.Alaska
95.3%
Gimme the first five U.S. Presidents.John Adams
94.4%
Gimme the five branches of the U.S. military.Navy
94.3%
Gimme the five colors once used by Homeland Security to codify threat levels.Red
94.2%
Gimme the five branches of the U.S. military.Army
93.1%
Gimme the first five schools to join the Ivy League.Yale
93.1%
Gimme the five colors once used by Homeland Security to codify threat levels.Yellow
92.7%
Gimme the five colors once used by Homeland Security to codify threat levels.Orange
92.3%
Gimme the first five U.S. Presidents.Thomas Jefferson
92.1%
Gimme the five colors once used by Homeland Security to codify threat levels.Green
91.7%
Gimme the five branches of the U.S. military.Air Force
91.4%
Gimme the five colors once used by Homeland Security to codify threat levels.Blue
90%
Gimme the five branches of the U.S. military.Marines
87.5%
Gimme the five youngest U.S. presidents to take office.John F. Kennedy
87.3%
Gimme the five youngest U.S. presidents to take office.Barack Obama
85.8%
Gimme the first five schools to join the Ivy League.Pennsylvania
81.5%
Gimme the last five U.S. states to gain statehood.New Mexico
79%
Gimme the first five schools to join the Ivy League.Princeton
78.6%
Gimme the first five U.S. federal holidays of the year.New Year's
77.4%
Gimme the first five U.S. Presidents.James Madison
75.8%
Question Answer % Correct
Gimme the first five Russian leaders following the Russian Revolution.Stalin
75.7%
Gimme the last five U.S. states to gain statehood.Arizona
75.5%
Gimme the five branches of the U.S. military.Coast Guard
74.4%
Gimme the first five U.S. states to ratify the Constitution.Delaware
73.6%
Gimme the first five U.S. federal holidays of the year.Washington's Birthday
73.5%
Gimme the first five U.S. federal holidays of the year.Martin Luther King, Jr.
73.3%
Gimme the first five U.S. Presidents.James Monroe
73.2%
Gimme the first five Russian leaders following the Russian Revolution.Lenin
71.6%
Gimme the first five U.S. states to ratify the Constitution.Pennsylvania
66.9%
Gimme the first five U.S. federal holidays of the year.Memorial
63.9%
Gimme the first five U.S. federal holidays of the year.Independence/4th of July
63.1%
Gimme the first five U.S. states to ratify the Constitution.New Jersey
62.8%
Gimme the first five U.S. states to ratify the Constitution.Connecticut
62.5%
Gimme the first five schools to join the Ivy League.Columbia
58.8%
Gimme the five youngest U.S. presidents to take office.Bill Clinton
58.6%
Gimme the first five U.S. states to ratify the Constitution.Georgia
53.7%
Gimme the five youngest U.S. presidents to take office.Theodore Roosevelt
53.5%
Gimme the last five U.S. states to gain statehood.Oklahoma
45.2%
Gimme the first five Russian leaders following the Russian Revolution.Khrushchev
41.4%
Gimme the first five Russian leaders following the Russian Revolution.Brezhnev
26.6%
Gimme the five youngest U.S. presidents to take office.Ulysses S. Grant
19.1%
Gimme the first five Russian leaders following the Russian Revolution.Andropov
15%

You're not logged in!

Compare scores with friends on all Sporcle quizzes.
Join for Free
OR
Log In

You Might Also Like...

Show Comments

Extras

Top Quizzes Today


Score Distribution

Your Account Isn't Verified!

In order to create a playlist on Sporcle, you need to verify the email address you used during registration. Go to your Sporcle Settings to finish the process.

Report this User

Report this user for behavior that violates our Community Guidelines.

Details: